Statistics for Signatories of the Anti-Comintern Pact

Click here to take the quiz!

General Stats

  • This quiz has been taken 24 times
  • The average score is 10 of 13

Answer Stats

DateAnswer% Correct
1937Italy
100%
1941Bulgaria
95%
1936Germany
95%
1936Japan
95%
1941Finland
89%
1939Hungary
89%
1941Romania
89%
1939Spain
84%
1941Denmark
68%
1941China-Nanjing
63%
1941IS Croatia
53%
1941Slovakia
53%
1939Manchukuo
32%

Score Distribution

Percentile by Number Answered

Percent of People with Each Score

Your Score History

You have not taken this quiz